书目信息 |
| 题名: |
给我幸福
|
|
| 作者: | 刘彩云 主编 | |
| 分册: | ||
| 出版信息: | 海拉尔 内蒙古文化出版社 2009.08 |
|
| 页数: | 166页 | |
| 开本: | 21cm | |
| 丛书名: | ||
| 单 册: | ||
| 中图分类: | B848.4 | |
| 科图分类: | ||
| 主题词: | 成功心理学 , 人格心理学 | |
| 电子资源: | ||
| ISBN: | 978-7-80675-354-5 | |
| 000 | 00609nam0 2200217 450 | |
| 001 | 1134858234 | |
| 005 | 20111227094256.12 | |
| 010 | @a978-7-80675-354-5@dCNY29.80 | |
| 100 | @a20111227d2009 km y0chiy0120 ea | |
| 101 | 0 | @achi |
| 102 | @aCN | |
| 105 | @ay z 000yy | |
| 200 | 1 | @a给我幸福@Agei wo xing fu@f刘彩云主编@Fliu cai yun zhu bian |
| 210 | @a海拉尔@c内蒙古文化出版社@d2009.08 | |
| 215 | @a166页@d21cm | |
| 606 | 0 | @a成功心理学 |
| 606 | 0 | @a人格心理学 |
| 690 | @aB848.4@v4 | |
| 701 | 0 | @a刘彩云@Aliu cai yun@4主编 |
| 801 | 0 | @aCN@bZZRC@c20111227 |
| 905 | @a郑州市财税学校图书馆@dB848.4@eL590@f3 | |
| 给我幸福/刘彩云主编.-海拉尔:内蒙古文化出版社,2009.08 |
| 166页;21cm |
| ISBN 978-7-80675-354-5:CNY29.80 |
| ● |
| 相关链接 |
|
|
|
正题名:给我幸福
索取号:B848.4/L590
 
预约/预借
| 序号 | 登录号 | 条形码 | 馆藏地/架位号 | 状态 | 备注 |
| 1 | 1181214 | 211812145 | 社科库509/509社科库 45排1列2层/ [索取号:B848.4/L590] | 在馆 | |
| 2 | 1181215 | 211812154 | 社科库509/509社科库 45排1列2层/ [索取号:B848.4/L590] | 在馆 | |
| 3 | 1181216 | 211812163 | 社科库509/509社科库 45排1列2层/ [索取号:B848.4/L590] | 在馆 |